Statistics for Capital Cities: Click Quiz 2

Click here to take the quiz!

General Stats

  • This quiz has been taken 76 times
  • The average score is 13 of 15

Answer Stats

HintAnswer% Correct
United Arab EmiratesAbu Dhabi
100%
IrelandDublin
100%
CanadaOttawa
100%
Czech RepublicPrague
99%
RomaniaBucharest
97%
SerbiaBelgrade
91%
GreenlandNuuk
90%
HaitiPort Au Prince
88%
MongoliaUlaanbaatar
87%
North MacedoniaSkopje
86%
BruneiBandar Seri Begawan
84%
OmanMuscat
84%
SurinameParamaribo
83%
Burkina FasoOuagadougou
78%
Cape VerdePraia
68%

Score Distribution

Percentile by Number Answered

Percent of People with Each Score

Your Score History

You have not taken this quiz